000 00855nam a2200241 i 4500
001 171141
003 ES-MaACL
005 20250808062751.0
008 090430s1958 sp |||| | spa d
100 0 _aAgustín
_cSanto, Obispo de Hipona.
_9125563
245 1 0 _aObras de San Agustín.
_nT. XVI-XVII,
_pLa Ciudad de Dios /
_cedición preparada por José Morán.
250 _aEd. bilingüe.
260 _aMadrid :
_bLa Editorial Católica,
_c1958.
300 _aXII, 1728 p. ;
_c20 cm.
490 1 _aBiblioteca de autores cristianos ;
_v171-172
546 _aTexto en latín y traducción en castellano.
650 4 _aReino de Dios.
_9139635
650 0 4 _aApologética.
_99921
700 1 _aMorán, José
_c(O.S.A.)
_983103
830 0 0 _aBiblioteca de autores cristianos
_v171-172
_9178679
852 _aES-MaACL
_jJ-169
999 _c171141
_d171141